000 00368nam a2200133Ia 4500
008 240624s9999 xx 000 0 und d
041 _aeng
082 _a658.5 VER
100 _aVERMA ROHIT
245 _aOPERATIONS AND SUPPLY CHAIN MANAGEMENT W
260 _c2010
_aAustralia
_bSouth-Western Cengage Learning
300 _axxix, : 534 : p. : cm. ; 27
365 _c
_b25
999 _c16769
_d16769